Southville International School and Colleges
Your cart is empty.
  • Cart
  • Lists
    Public lists Eva Luna New books Lux_list list_1
    Your lists Log in to create your own lists
  • Log in to your account
  • Your cookies
  • Search history
Southville International School and Colleges
  • Advanced search
  • Recent comments
  • Most popular
  • Libraries

Log in to your account

Log in with GOOGLE


If you do not have an external account, but do have a local account, you can still log in:

  1. Home
  2. MARC view: Knowledge Management Models within Information Technology Projects/
Normal view MARC view ISBD view

Knowledge Management Models within Information Technology Projects/ (Record no. 361715)

[ view plain ]
MARC details
000 -LEADER
fixed length control field 00566nam a2200181Ia 4500
008 - FIXED-LENGTH DATA ELEMENTS--GENERAL INFORMATION
fixed length control field 190427s9999 xx 000 0 und d
100 ## - MAIN ENTRY--PERSONAL NAME
Personal name Foote, Alan
245 ## - TITLE STATEMENT
Title Knowledge Management Models within Information Technology Projects/
245 ## - TITLE STATEMENT
Statement of responsibility, etc Alan foote and Leila A. Halawi.--
260 ## - PUBLICATION, DISTRIBUTION, ETC. (IMPRINT)
Name of publisher, distributor, etc Taylor and Francis Group
260 ## - PUBLICATION, DISTRIBUTION, ETC. (IMPRINT)
Date of publication, distribution, etc 2018
300 ## - PHYSICAL DESCRIPTION
Extent pages 89-98, 2018
440 ## - SERIES STATEMENT/ADDED ENTRY--TITLE
Title Journal of Computer Inforamation System
Volume number/sequential designation 58(1)
650 ## - SUBJECT ADDED ENTRY--TOPICAL TERM
Topical term or geographic name as entry element Project management
650 ## - SUBJECT ADDED ENTRY--TOPICAL TERM
Topical term or geographic name as entry element IT Project Success
650 ## - SUBJECT ADDED ENTRY--TOPICAL TERM
Topical term or geographic name as entry element Knowledge Management
650 ## - SUBJECT ADDED ENTRY--TOPICAL TERM
Topical term or geographic name as entry element PKM Model
Holdings
Withdrawn status Lost status Damaged status Home library Current library Date acquired Total Checkouts Date last seen Price effective from Koha item type
      College Library College Library 04/27/2019   04/27/2019 04/27/2019 Periodicals

Knowledge Management Models within Information Technology Projects/

APA

Foote A., .Knowledge Management Models within Information Technology Projects. : Taylor and Francis Group.

Chicago

Foote Alan, .Knowledge Management Models within Information Technology Projects. : Taylor and Francis Group.

Harvard

Foote A., .Knowledge Management Models within Information Technology Projects. : Taylor and Francis Group.

MLA

Foote Alan, .: Taylor and Francis Group. .

  • Place hold
  • Print
  • Cite
  • Add to your cart (remove)
  • Save record
    BIBTEX Dublin Core MARCXML MARC (non-Unicode/MARC-8) MARC (Unicode/UTF-8) MARC (Unicode/UTF-8, Standard) MODS (XML) RIS
  • More searches
    Search for this title in:
    Other Libraries (WorldCat) Other Databases (Google Scholar) Online Stores (Bookfinder.com) Open Library (openlibrary.org)

Exporting to Dublin Core...

SOUTHVILLE LIBRARY

Southville International School and Colleges Library

1281 Tropical Ave. Cor. Luxembourg St., BF Homes International, Las Pinas City

Tel. No. 8256374 / 252358 Loc. 117/146

Powered by Koha